000
00290 a2200145 4500
001
59255
020
_a
857402662X
040
_c
Anchieta - Pituba
240
1
0
_a
Frédéric Chopin
_l
por
245
1
0
_a
Frédéric Chopin
300
_a
54
362
0
_a
2005
650
4
_a
Música
942
_c
BK
999
_c
59255
_d
59255